000 00604nam a2200241 i 4500
001 C2-0235498
003 PPAK
005 20180727195548.0
008 010906s2000 enk |||| ||||| | eng d
020 _a0099405261
040 _aPPAK
_beng
_cPPAK
_erda
082 0 4 _a823
_223
090 0 0 _a823
_bROB
_dG
100 1 _aRobinson, Patrick,
_eauthor
245 1 0 _aSeawolf
264 1 _aLondon :
_bArrow Books ,
_c2000
300 _a488 pages ;
_c18 cm
336 _2rdacontent
_atext
337 _2rdamedia
_aunmediated
338 _2rdacarrier
_avolume
650 1 0 _aEnglish fiction
942 _ddc
_cB
999 _c51483
_d51483